Mechanics of materials / (Record no. 31507)

000 -LEADER
fixed length control field 00482cam a22001694a 4500
020 ## - INTERNATIONAL STANDARD BOOK NUMBER
International Standard Book Number 0073659355
082 00 - DEWEY DECIMAL CLASSIFICATION NUMBER
Classification number 620.11 BEE
100 1# - MAIN ENTRY--PERSONAL NAME
Personal name Beer, Ferdinand P.
245 10 - TITLE STATEMENT
Title Mechanics of materials /
250 ## - EDITION STATEMENT
Edition statement 3rd ed.
260 ## - PUBLICATION, DISTRIBUTION, ETC.
Place of publication, distribution, etc. New York :
Name of publisher, distributor, etc. McGraw-Hill,
Date of publication, distribution, etc. 2002.
300 ## - PHYSICAL DESCRIPTION
Extent xix, 788 p. :
Other physical details col.ill. ;
Accompanying material 1 computer optical disc (4 3/4 in.)
650 #0 - SUBJECT ADDED ENTRY--TOPICAL TERM
Topical term or geographic name entry element Strength of materials.
700 1# - ADDED ENTRY--PERSONAL NAME
Personal name Johnston, E. Russell
9 (RLIN) 37917
700 1# - ADDED ENTRY--PERSONAL NAME
Personal name DeWolf, John T.
9 (RLIN) 36218
942 ## - ADDED ENTRY ELEMENTS (KOHA)
Koha item type Book
Source of classification or shelving scheme
Holdings
Withdrawn status Lost status Source of classification or shelving scheme Damaged status Not for loan Permanent Location Current Location Date acquired Total Checkouts Full call number Barcode Checked out Date last seen Date last checked out Price effective from Koha item type
          School of Mechanical & Manufacturing Engineering (SMME) School of Mechanical & Manufacturing Engineering (SMME) 06/24/2015 2 620.112 BEE SMME-30 02/20/2026 01/21/2026 01/21/2026 06/24/2015 Book
© 2023 Central Library, National University of Sciences and Technology. All Rights Reserved.